Historieta de Chile : entre al diáspora y la nostalgia /

保存先:
書誌詳細
第一著者: Montealegre I., Jorge
フォーマット: 不明
言語:Spanish
主題:
タグ: タグ追加
タグなし, このレコードへの初めてのタグを付けませんか!

MARC

LEADER 000000000a22000000004500
001 002491
041 0 |a spa 
100 1 |a Montealegre I., Jorge 
245 1 0 |a Historieta de Chile :   |b entre al diáspora y la nostalgia /   |c Jorge Montealegre I. 
310 |a trimestral 
650 4 |a CARICATURA CHILENA 
650 4 |a CONDORITO 
650 4 |a MANPATO 
650 4 |a FRAHN, FERNANDO 
650 4 |a COMIC CHILENO 
650 4 |a HISTORIETA CHILENA 
650 4 |a TIRAS COMICAS 
773 0 |d España : CEXECI  |t Con Eñe: Revista de cultura hispanoamericana  |g número 1 (1997), páginas 20-24 
942 |c ARC 
999 |c 9907  |d 9907